书目信息 |
| 题名: |
腐蚀失效分析案例
|
|
| 作者: | 赵志农 编著 | |
| 分册: | ||
| 出版信息: | 北京 化学工业出版社 2009 |
|
| 页数: | 471页 | |
| 开本: | 24cm | |
| 丛书名: | ||
| 单 册: | ||
| 中图分类: | TQ050.9 | |
| 科图分类: | ||
| 主题词: | 化工设备--腐蚀--失效分析 , 化工设备 , 腐蚀 , 失效分析 | |
| 电子资源: | ||
| ISBN: | 978-7-122-03499-1 | |
| 000 | 00870nam0 2200253 45 | |
| 005 | 20100303145632.20 | |
| 010 | @a978-7-122-03499-1@dCNY78.00 | |
| 100 | @a20100121d2009 ekmy0chiy0120 ea | |
| 101 | 0 | @achi |
| 102 | @aCN@b110000 | |
| 105 | @aa z 000yy | |
| 106 | @ar | |
| 200 | 1 | @a腐蚀失效分析案例@AFu Shi Shi Xiao Fen Xi An Li@f赵志农编著@FZhao Zhi Nong Bian Zhu |
| 210 | @a北京@c化学工业出版社@d2009 | |
| 215 | @a471页@c图@d24cm | |
| 330 | @a本书主要介绍了腐蚀失效分析的原则、设备、方法及应用,重点剖析了包括锅炉与废热锅炉、复水器和凝汽器列管、湿硫化氢环境中金属设备及管线、石油化工动设备等管道腐蚀失效案例。 | |
| 606 | 0 | @a化工设备@x腐蚀@x失效分析 |
| 606 | 0 | @a化工设备 |
| 606 | 0 | @a腐蚀 |
| 606 | 0 | @a失效分析 |
| 690 | @aTQ050.9@v4 | |
| 701 | 0 | @a赵志农@AZhao Zhi Nong@4编著 |
| 801 | 0 | @aCN@bTANGWEI@c20100303 |
| 905 | @b0585082-85@dTQ050.9@e187@f4 | |
| 腐蚀失效分析案例/赵志农编著.-北京:化学工业出版社,2009 |
| 471页:图;24cm |
| ISBN 978-7-122-03499-1:CNY78.00 |
| 本书主要介绍了腐蚀失效分析的原则、设备、方法及应用,重点剖析了包括锅炉与废热锅炉、复水器和凝汽器列管、湿硫化氢环境中金属设备及管线、石油化工动设备等管道腐蚀失效案例。 |
| ● |
| 相关链接 |
|
|
|
|
正题名:腐蚀失效分析案例
索取号:TQ050.9/187
 
预约/预借
| 序号 | 登录号 | 条形码 | 馆藏地/架位号 | 状态 | 备注 |
| 1 | 0585082 | 205850827 | 第二样本阅览室/ [索取号:TQ050.9/187] | 在馆 | |
| 2 | 0585083 | 205850836 | 第三借阅区/ [索取号:TQ050.9/187] | 在馆 | |
| 3 | 0585084 | 205850845 | 第三借阅区/ [索取号:TQ050.9/187] | 在馆 | |
| 4 | 0585085 | 205850854 | 第三借阅区/ [索取号:TQ050.9/187] | 在馆 |